Kansas City Royals Players - Sudden Death - Statistics

General Stats
  • This quiz has been taken 89 times
  • The average score is 11 of 16
Answers on the Grid
Answers color-coded by a green-red scale on the quiz's grid according to % correct below.
Adam Frazier
Amos Otis
Bo Jackson
Bob Lemon
Bobby Witt Jr.
Bret Saberhagen
Cal Ripken Jr.
Carlos Beltran
Corey Seager
Danny Tartabull
Darrell Porter
David Cone
David Ortiz
Eric Hosmer
Ernie Banks
Frank White
George Brett
Joe Carter
Jose Reyes
Julio Rodriguez
Lou Piniella
Mariano Rivera
Miguel Cabrera
Nelson Cruz
Nolan Ryan
Pete Crow-Armstrong
Pete Rose
Salvador Perez
Sammy Sosa
Vinnie Pasquantino
 
Answer Stats
Answer % Correct
Bo Jackson
94%
Bobby Witt Jr.
90%
George Brett
83%
Eric Hosmer
81%
Bret Saberhagen
79%
Adam Frazier
77%
Carlos Beltran
77%
Frank White
75%
Salvador Perez
73%
Vinnie Pasquantino
67%
Danny Tartabull
65%
Amos Otis
60%
David Cone
54%
Darrell Porter
52%
Lou Piniella
46%
Bob Lemon
33%
No matching quizzes found
Score Distribution
Percent of People with Each Score
Percentile by Number Answered
Your Score History
You have not taken this quiz